52 Weeks of Best Picture Nominees Quiz Stats

 Plays Quiz Updated Feb 11, 2018

Challenge
Share
Tweet
Score 0/52 Timer 13:00
14 Plays Today
% Correct
Star Wars: A New Hope
94.3%
The Godfather
93.1%
Forrest Gump
92.7%
A Beautiful Mind
91%
Apollo 13
89.9%
The Lord of the Rings: The Fellowship of the Ring
88.6%
Fargo
87.5%
Rocky
87.1%
To Kill a Mockingbird
85.8%
The Revenant
85.6%
Toy Story 3
85.5%
12 Years a Slave
83.3%
Ray
83.1%
Platoon
82.8%
The Martian
82%
Gone with the Wind
81.6%
The Help
81.5%
Birdman: Or (The Unexpected Virtue of Ignorance)
80.9%
Goodfellas
80.5%
Dances With Wolves
80.4%
Annie Hall
80.2%
Slumdog Millionaire
77.9%
Captain Phillips
76.8%
Dr. Strangelove or: How I Learned to Stop Worrying and Love the Bomb
74.3%
Miracle on 34th Street
73.6%
Bonnie and Clyde
73.5%
% Correct
Raiders of the Lost Ark
71.7%
Seabiscuit
71.6%
Inception
69.5%
Moulin Rouge!
68.6%
The Bridge on the River Kwai
66.4%
The Grand Budapest Hotel
66.2%
Mad Max: Fury Road
65.8%
Citizen Kane
65.5%
Butch Cassidy and the Sundance Kid
63.6%
Four Weddings and a Funeral
61.3%
On Golden Pond
60.4%
The Great Dictator
54.3%
The Maltese Falcon
53.8%
Midnight in Paris
53.6%
Network
53.1%
The Hustler
49.8%
Stagecoach
48.1%
Roman Holiday
47.4%
High Noon
46.3%
All Quiet on the Western Front
45.8%
The Treasure of the Sierra Madre
40.3%
It Happened One Night
36.9%
Double Indemnity
24.5%
The Magnificent Ambersons
15.5%
The Ox-Bow Incident
8.8%
La Grande Illusion
7.5%

You're not logged in!

Compare scores with friends on all Sporcle quizzes.
Join for Free
OR
Log In

You Might Also Like...

Show Comments

Extras

Top Quizzes Today


Score Distribution

Your Account Isn't Verified!

In order to create a playlist on Sporcle, you need to verify the email address you used during registration. Go to your Sporcle Settings to finish the process.

Report this User

Report this user for behavior that violates our Community Guidelines.

Details: